000
00320nam a22001457a 4500
003
SGT
020
_a
978-93-5090-999-7
082
_a
615.8
_b
P14S
100
_a
SULLIVAN, SUSAN O'
245
_a
PHYSICAL REHABILITATION
250
_a
6TH
260
_a
INDIA
_b
JAYPEE PUB
_c
2014
300
_a
1505
942
_2
ddc
_c
BK
_0
69
999
_c
16983
_d
16983